000 00507nam a2200217Ia 4500
003 0100
008 130303s9999 xx 000 0 und d
040 _cARRUPELIB
050 _aBJ1025.B64 1966
100 _aBourke, Vernon J
245 _aEthics
245 _ba textbook in moral philosophy
260 _aNew York
260 _bMacmillan Company, Inc.
260 _C1966
300 _axii
300 _b 497p. 22cm.
440 _aChristian wisdom series
650 _aETHICS
942 0 0 _012
999 _c38166
_d38166